Price theory &resource allocation/ (Record no. 167559)

MARC details
000 -LEADER
fixed length control field 00553nam a22001817a 4500
005 - DATE AND TIME OF LATEST TRANSACTION
control field 20190909131926.0
010 ## - LCCN (DPL NO)
LC control number ENG-126350
020 ## - INTERNATIONAL STANDARD BOOK NUMBER
International Standard Book Number 9789386761767
Terms of availability 1995.00
035 ## - SYSTEM CONTROL NUMBER
System control number EN-109882
037 ## - SOURCE OF ACQUISITION
Source of stock number/acquisition DBAD/PUB
082 ## - DEWEY DECIMAL CLASSIFICATION NUMBER
Classification number 338.52
100 ## - MAIN ENTRY--PERSONAL NAME
Personal name Agarwal,Shobha
245 ## - TITLE STATEMENT
Title Price theory &resource allocation/
Statement of responsibility, etc by Shobha Agarwal[and]H.S.Agarwal
260 ## - PUBLICATION, DISTRIBUTION, ETC. (IMPRINT)
Place of publication, distribution, etc New Delhi
Name of publisher, distributor, etc Ane Books Pvt.Ltd.
Date of publication, distribution, etc 2019
270 ## - ADDRESS
Address 4821,Parwana Bhawan,1st Floor,24 Ansari Road,Darya Ganj
300 ## - PHYSICAL DESCRIPTION
Extent 427p:
Dimensions 24cm
942 ## - ADDED ENTRY ELEMENTS (KOHA)
Source of classification or shelving scheme Dewey Decimal Classification
Item type English Books
Classification part 338.52
Call number suffix AGA
Holdings
Withdrawn status Lost status Not for loan Collection code Home library Current library Date acquired Source of acquisition Cost, normal purchase price Full call number Barcode Copy number Cost, replacement price Koha item type
      Non-fiction Ashok Vihar Ashok Vihar 09/09/2019 DBAD/PUB 1995.00 338.52 AGA EN-109882 1 1995.00 English Books

© Delhi Public Library
Hit Counter
free hit counter